=LDR 00000nam 2200000 4500 =001 INLIS000000000004819 =005 20130612093106 =008 ***********************************Ind** =035 ##$$0010-061300000004819 =041 ##$$a Ind =082 ##$$a 796.35 =090 ##$$a 795.35, Owe, g =100 ##$$a OWENS, Dede =245 ##$$a Golf tingkat pemula, Dede Owens]; Penerjemah, Eri Desmarini Nasution. -- =260 ##$$a 1996 $b Jakarta =300 ##$$a ix, 205 hlm., ilus., 26 cm =650 ##$$a Golf ( Olah Raga) =700 ##$$a NASUTION, Eri Desmarini =850 ##$$a NBPNMAT